[Event "Rohde op 09th"]
[Site "Sautron"]
[Date "2009.10.27"]
[Round "5"]
[White "Berbatov, Kiprian"]
[Black "Haub, Thorsten Michael"]
[Result "0-1"]
[WhiteElo "2457"]
[BlackElo "2478"]
[Annotator "RR"]
[PlyCount "125"]
[EventDate "2009.10.24"]
[EventType "swiss"]
[EventRounds "9"]
[EventCountry "FRA"]
[SourceTitle "EXT 2010"]
[Source "ChessBase"]
[SourceDate "2010.11.25"]
[SourceVersion "1"]
[SourceVersionDate "2010.11.25"]
[SourceQuality "1"]
[TimeControl "6000"]
[WhiteClock "0:00:03"]
[BlackClock "0:00:30"]

1. e4 g6 2. d4 Bg7 3. Be3 d6 4. h4 {Rarement joué aussi tôt} (4. Nc3) 4... h6 (
4... h5 {[%csl Rg5]} 5. Nc3 c6 6. Qd2 b5 7. Nh3 {[%cal Gh3g5];Radulov,I (2490)
-Forintos,G (2495) Siegen ol (Men) fin-A 1970 (4) 1/2}) 5. Qd2 a6 6. c4 $146 (
6. f3 {Kotter,R (2265)-Haub,T (2365) BL2-West 9495 1994 (6.2) 1/2}) 6... Nd7 7.
Nc3 e6 8. f4 {Les blancs jouent de manière trés agressive avec ce centre
élargi auquel s'joute la poussée h4} Ndf6 {[%cal Gg8e7]} 9. Nf3 (9. Be2 $5 {
[%cal Gh4h5]}) 9... h5 10. d5 exd5 11. cxd5 Nh6 {[%csl Gg4]} 12. g3 (12. Bd4
O-O 13. O-O-O $16) 12... O-O 13. Bg2 (13. Ng5) 13... Re8 14. Ng5 $36 Nfg4 15.
Bg1 (15. Bd4 Bxd4 16. Qxd4 Nf5 $1 $132 {[%csl Rg3]}) 15... b5 16. O-O-O Bd7 17.
Bd4 Bxd4 18. Qxd4 Qf6 $1 19. Qxf6 Nxf6 20. b4 Bg4 21. Rd4 (21. Rde1 $5 {
[%cal Ge4e5,Gh1f1]}) 21... Nd7 $5 {[%cal Gd7b6,Gb6c4]} 22. Nb1 {[%csl Gc4]
[%cal Gb1d2] anticipant Nb6c4} Nb6 (22... f6 23. Nf3 f5 $1 24. Ng5 fxe4 25.
Bxe4 Nf5 26. Bxf5 Bxf5 $15) 23. Nd2 a5 $36 24. Kb1 axb4 25. Rxb4 (25. Rc1 {
[%cal Gc1c7]}) 25... Nxd5 $1 {[%cal Ge8e2,Ge2g2,Ge2d2]} 26. exd5 Re2 $40 27.
Nde4 Rxg2 28. Rb2 Rxb2+ 29. Kxb2 Kg7 30. Rc1 Ra7 $17 31. Kb3 Bd7 32. Nc3 c5 33.
dxc6 Bxc6 34. Rd1 Nf5 35. Nge4 Bxe4 36. Nxe4 Re7 (36... Ra4 $5 37. Nxd6 Nxg3)
37. Nxd6 Nxd6 38. Rxd6 Re3+ 39. Kb4 Rxg3 40. Kxb5 Ra3 41. Rd2 {La meilleure
structure donne un trés léger avantage aux noirs mais les chances de gains
sont réduites. Au surplus la Ra3 est assez mal placée pour lutter face au P
passé "a"} Kf6 42. Kb4 $1 {[%cal Ga2a4] gagne un tempo important sur la R tout
en protégeant le P passé} Rh3 43. a4 {[%csl Ga4][%cal Ga4a8]} Rxh4 44. a5 Rxf4+
45. Kb5 Re4 46. a6 h4 47. Rd8 (47. a7 $5 Re8 48. Rf2+ Kg5 49. Rxf7 h3 50. Re7
$1 {[%csl Ga7][%cal Ga7a8]}) (47. Rf2+ Kg5 48. a7 Re8 49. Rxf7 h3 50. Rb7 {
[%cal Gb7b8]} (50. Rh7 $2 Kg4) 50... h2 $1) 47... Re7 48. Kb6 {les blancs vont
forcer la promotion mais le K blanc ne pourra pas revenir ensuite défendre
l'aile-roi} g5 $17 49. a7 Rxa7 $1 50. Kxa7 g4 $19 51. Rh8 h3 52. Kb6 Ke5 $19
53. Kc5 f5 54. Kc4 Ke4 55. Kc3 Ke3 56. Rh4 Kf3 57. Kd4 Kg3 58. Rh5 h2 59. Ke5
f4 60. Ke4 f3 61. Ke3 Kg2 62. Rh4 g3 63. Kd4 0-1

[Event "FRA-chT1 9495"]
[Site "Montpellier"]
[Date "1994.04.??"]
[Round "8"]
[White "Sokolov, Andrei"]
[Black "Shirov, Alexei"]
[Result "0-1"]
[WhiteElo "2555"]
[BlackElo "2715"]
[Annotator "RR"]
[PlyCount "44"]
[EventDate "1994.04.??"]
[EventType "team-tourn"]
[EventRounds "16"]
[EventCountry "FRA"]
[SourceTitle "EXT 2015"]
[Source "ChessBase"]
[SourceDate "2014.11.20"]
[SourceVersion "1"]
[SourceVersionDate "2014.11.20"]
[SourceQuality "1"]
[WhiteTeam "Belfort"]
[BlackTeam "Lyon"]
[WhiteTeamCountry "FRA"]
[BlackTeamCountry "FRA"]

1. e4 g6 2. Nc3 Bg7 3. f4 c6 4. Qf3 $6 (4. d4 $142 {la grande ligne}) 4... d5 {
[%csl Rf3]} 5. d3 $146 ({RR} 5. exd5 Nf6 6. dxc6 Nxc6 7. Bb5 Bd7 8. Bxc6 Bxc6
9. Qe2 Nd5 10. Nxd5 Bxd5 11. d3 Rc8 12. c4 Be6 13. Nf3 Bf5 14. Ne5 Bxe5 15.
Qxe5 O-O 16. b3 Qxd3 17. Bb2 f6 18. Qd4 b5 19. Rc1 bxc4 {Vlassov,N (2425)
-Ivanov,V (2385)/Moscow 1994/CBM 043 ext/0-1 (31)}) 5... Nf6 (5... d4 6. Nce2
Qb6 $132) 6. h3 e5 $5 7. f5 (7. fxe5 Nfd7 8. d4 c5 $1 9. Nxd5 Nc6 $32) 7...
gxf5 8. exf5 O-O 9. Nge2 {[%csl Rf1]} e4 $1 $40 {[%csl Re1][%cal Gf8e8] une
partie modèle sur le thème de l'attaque du K adverse au centre.} 10. Qf2 exd3
$40 11. cxd3 Re8 12. Kd1 Nbd7 $6 (12... Na6 $17) (12... c5 $142) 13. g4 Ne5 14.
Ng3 d4 15. Nce4 Nd5 {[%csl Gd5,Re3]} 16. Rh2 $6 (16. Nh5 $5 $132 {[%csl Rg7]})
16... b6 {[%csl Rd3][%cal Gc8a6]} 17. Nh5 Ba6 18. Qxd4 $6 (18. Nxg7) 18... Bh8
$19 19. f6 c5 20. Qf2 Nxd3 21. Qh4 Nf2+ 22. Kc2 Nb4+ {Lyon remporte le match
6-3} 0-1

[Event "Sautron op 14th"]
[Site "Sautron"]
[Date "2014.10.25"]
[Round "3"]
[White "Terrieux, Kevin"]
[Black "Haub, Thorsten Michael"]
[Result "1-0"]
[WhiteElo "2409"]
[BlackElo "2444"]
[Annotator "RR"]
[PlyCount "74"]
[EventDate "2014.10.26"]
[EventType "swiss"]
[EventRounds "9"]
[EventCountry "FRA"]
[SourceTitle "EXT 2015"]
[Source "ChessBase"]
[SourceDate "2014.11.20"]
[SourceVersion "1"]
[SourceVersionDate "2014.11.20"]
[SourceQuality "1"]
[TimeControl "40/5400+30:1800+30"]
[WhiteClock "0:03:56"]

1. d4 {[%emt 0:01:46]} g6 {[%emt 0:00:00]} 2. e4 {[%emt 0:00:32]} Bg7 {[%emt 0:
00:00]} 3. Nc3 {[%emt 0:00:09]} d6 {[%emt 0:00:07]} 4. Be3 {[%emt 0:00:43]} a6
{[%emt 0:00:07]} 5. Qd2 {[%emt 0:00:20]} Nd7 {[%emt 0:00:06]} 6. h4 $1 {
[%emt 0:00:51]} h6 {[%emt 0:00:06] Plus souple que la ligne principale h5 qui
affaiblit la case "g5" mais le oo sera difficile à réaliser} (6... h5 7. Nh3
{[%csl Gg5]}) 7. O-O-O {[%emt 0:01:21]} (7. f3 b5 8. a4 b4 9. Nd1 Rb8 10. Ne2
Ngf6 11. Nf4 e5 12. dxe5 Nxe5 13. Nf2 O-O 14. Rd1 Qe7 15. Be2 Rd8 16. Nd5 Nxd5
17. exd5 Re8 18. f4 Nd7 19. Rh3 Nc5 20. Rf3 Bxb2 21. Kf1 Bc3 22. Qc1 Qxh4 23.
Bd4 Bxd4 24. Rxd4 Qf6 25. Qd2 b3 26. cxb3 Nxb3 27. Rxb3 Rxb3 28. Ne4 Qh4 29.
Bd3 Bf5 30. Nf2 Bxd3+ {0-1 (30) Volokitin,A (2638)-Svidler,P (2753) Dubai 2014}
) 7... b5 {[%emt 0:00:53]} 8. f3 {[%emt 0:00:44]} Nb6 {[%emt 0:09:24]} (8...
Bb7) 9. d5 {[%emt 0:28:25]} Qd7 $146 {[%emt 0:18:34]} (9... Bb7 10. Bd4 Nf6 11.
h5 g5 12. Qf2 Rg8 13. Nge2 Qd7 14. Ng3 b4 15. Nb1 Na4 16. Nf5 e5 17. dxe6 fxe6
18. Nxg7+ Qxg7 19. b3 Nc3 20. Nxc3 bxc3 21. Qe1 Qf7 22. g4 O-O-O 23. Qxc3 Nd7
24. Be2 c5 25. Kb1 Kb8 26. Bg1 Ne5 27. Bxc5 {1-0 (27) Peptan,C (2460)-Ivanovic,
J (2061) Belgrade 2001}) 10. Bd4 {[%emt 0:13:50]} Nf6 {[%emt 0:00:26]} 11. g4 {
[%emt 0:08:37]} c5 {[%emt 0:04:52]} 12. dxc6 {[%emt 0:00:12]} Qxc6 {[%emt 0:00:
07]} 13. Nh3 {[%emt 0:03:28]} (13. Kb1) 13... Bb7 {[%emt 0:28:54] Joué après
une très longue réflexion} 14. g5 {[%emt 0:04:13]} (14. Nf4 $5 O-O-O (14...
e5 15. Bxb6 Qxb6 16. Nfd5) 15. Nfd5) 14... hxg5 {[%emt 0:00:38]} 15. hxg5 {
[%emt 0:00:15]} Nh5 {[%emt 0:00:05]} 16. Nf2 {[%emt 0:10:35]} Bxd4 {[%emt 0:02:
20]} 17. Qxd4 {[%emt 0:00:08]} O-O-O $132 {[%emt 0:00:26]} 18. Nd3 {[%emt 0:06:
05]} e5 {[%emt 0:01:29]} 19. Qg1 {[%emt 0:02:20]} Kb8 {[%emt 0:08:04]} 20. Bh3
{[%emt 0:02:11]} a5 {[%emt 0:06:38]} 21. a3 {[%emt 0:05:11]} Bc8 {[%emt 0:03:
16]} (21... Nc4 $142 {[%csl Ra3,Rc3][%cal Gc4a3]}) 22. Bg4 {[%emt 0:02:20]} Be6
{[%emt 0:05:08]} 23. Bxh5 {[%emt 0:00:50]} gxh5 {[%emt 0:00:08]} 24. f4 {
[%emt 0:00:10]} Bg4 {[%emt 0:00:24]} 25. Rf1 {[%emt 0:00:07]} exf4 {[%emt 0:02:
40]} 26. Rxf4 {[%emt 0:00:31]} (26. Nxf4 b4) 26... Be6 {[%emt 0:00:41]} 27. Qd4
{[%emt 0:01:46]} Rc8 {[%emt 0:02:22]} 28. g6 $1 {[%emt 0:00:23]} fxg6 {[%emt 0:
00:48]} 29. Rf6 {[%emt 0:00:05]} Rhe8 {[%emt 0:01:45]} 30. Nf4 {[%emt 0:00:06]}
Nc4 {[%emt 0:02:41] Trop tard} 31. Rxe6 {[%emt 0:01:07]} Rxe6 {[%emt 0:00:14]}
32. Nxe6 {[%emt 0:00:05]} b4 {[%emt 0:00:06]} 33. axb4 {[%emt 0:00:44]} axb4 {
[%emt 0:00:11]} 34. Nd5 {[%emt 0:02:32]} Qd7 {[%emt 0:02:45]} 35. b3 {[%emt 0:
00:59]} Qxe6 {[%emt 0:00:34]} 36. bxc4 {[%emt 0:00:07]} Rc6 {[%emt 0:00:18]}
37. Rf1 {[%emt 0:00:46]} Kb7 {[%emt 0:01:13]} 1-0

[Event "POL-chT 66th"]
[Site "Katowice"]
[Date "2010.09.11"]
[Round "8"]
[White "Kravtsiv, Martyn"]
[Black "Tomczak, Jacek"]
[Result "1/2-1/2"]
[WhiteElo "2559"]
[BlackElo "2533"]
[Annotator "RR"]
[PlyCount "60"]
[EventDate "2010.09.04"]
[EventType "team-tourn"]
[EventRounds "9"]
[EventCountry "POL"]
[SourceTitle "EXT 2016"]
[Source "ChessBase"]
[SourceDate "2015.10.08"]
[SourceVersion "1"]
[SourceVersionDate "2015.10.08"]
[SourceQuality "1"]
[WhiteTeam "Prokonex"]
[BlackTeam "Poznan Pocztowiec"]
[WhiteTeamCountry "POL"]
[BlackTeamCountry "POL"]

1. e4 g6 2. d4 Bg7 3. Nc3 d5 $5 {les Noirs ont des bons résultats avec ce
système surprenant mais ils doivent jouer de manière précise.} 4. exd5 Nf6
5. Bb5+ (5. Bc4 Nbd7 {[%cal Gd7b6]} 6. Bg5 Nb6 7. Bxf6 Bxf6 8. Bb3 (8. Bb5+)
8... a5 9. a4 (9. a3 {[%csl Gb4]})) 5... Nbd7 6. Bg5 (6. Nge2 O-O 7. Bxd7 Qxd7
8. Nf4 b5 9. Qf3 Bb7 10. O-O b4 11. Ne4 Qf5 12. Nc5 Bxd5 13. Nxd5 Qxd5 14. Qxd5
Nxd5 15. Rd1 a5 16. Bg5 Rfe8 17. a3 c6 18. Bh4 e5 19. dxe5 Bxe5 20. Nd3 Bd4 21.
h3 Re4 22. Bg3 Rae8 23. axb4 axb4 24. Ra6 c5 25. Nxc5 Re1+ 26. Rxe1 Rxe1+ 27.
Kh2 Rd1 28. Nd7 Bxb2 29. Ra8+ Kg7 30. Bd6 h5 31. Rb8 Ne3 32. Bf8+ Kh7 33. fxe3
Rxd7 34. Rxb4 Ba3 35. Rb8 Bc1 {Jones,G (2638)-Watson,W (2498) Daventry 2013 1-0
}) 6... O-O 7. Qf3 {[%cal Ge1c1,Gg1e2]} Nb6 8. Bxf6 exf6 $1 (8... Bxf6 9. Nge2
Bf5 10. O-O-O $14 {Gasanov,E (2427)-Berdiugina,E (2118) Geller Memorial op-A
1st 2005 (1) 1-0}) 9. Bd3 (9. Nge2 Qd6 10. Bd3 a6 11. O-O f5 12. b3 Rd8 13. Bc4
Nd7 14. a4 b6 15. Rad1 Bb7 16. Nf4 Bh6 17. Nd3 Bg7 18. Nf4 Bh6 19. g3 Bxf4 20.
Qxf4 Qxf4 21. gxf4 Nf6 22. Rfe1 Kf8 23. Kg2 Rd7 24. h3 Rad8 25. Kg3 Re7 26. Re5
Nd7 27. Re2 Nf6 28. Rde1 Rxe2 29. Rxe2 Nh5+ 30. Kf3 Nf6 31. Re5 Nd7 32. Re3 Nf6
33. Re2 Rd6 34. Re5 Nd7 35. Re1 Nf6 36. Ke3 Rd8 37. Kf3 Rd6 38. Re3 Rd8 {
Socko,B (2654)-Tomczak,J (2541) Wroclaw 2011 1/2-1/2}) 9... Qd7 10. Nge2 Rd8
11. Qg3 $1 {[%csl Rc7]} f5 12. O-O a6 13. Rfd1 Qd6 $1 {en jouant de manière
précise, les Noirs ont enfin fini par égaliser et ils vont pouvoir reprendre
le P sacrifié.} 14. Kf1 Qxg3 15. hxg3 Nxd5 16. Nxd5 Rxd5 $11 17. c3 Rd6 18.
Nf4 b6 19. Bc4 Bb7 20. Nd3 Bd5 21. Bxd5 Rxd5 22. Nb4 Rd6 (22... Rd7 23. Nc6)
23. Nc2 Rad8 24. Ne3 h5 25. a4 Bh6 26. Nc4 Rf6 27. a5 b5 28. Ne5 Rd5 29. b4 Bf8
30. Nd3 Rc6 1/2-1/2

[Event "Rohde op 12th"]
[Site "Sautron"]
[Date "2012.10.31"]
[Round "6"]
[White "Le Roux, Jean Pierre"]
[Black "Haub, Thorsten Michael"]
[Result "1-0"]
[WhiteElo "2563"]
[BlackElo "2469"]
[Annotator "RR"]
[PlyCount "79"]
[EventDate "2012.10.27"]
[EventType "swiss"]
[EventRounds "9"]
[EventCountry "FRA"]
[SourceTitle "EXT 2014"]
[Source "ChessBase"]
[SourceDate "2013.11.20"]
[SourceVersion "1"]
[SourceVersionDate "2013.11.20"]
[SourceQuality "1"]
[TimeControl "40/5400+30:1800+30"]
[WhiteClock "1:30:00"]
[BlackClock "1:30:00"]

1. e4 {[%emt 0:01:10]} g6 {[%emt 0:00:00]} 2. d4 {[%emt 0:02:00]} Bg7 {[%emt 0:
00:00]} 3. Nf3 {[%emt 0:01:25]} d6 {[%emt 0:00:06]} 4. Bc4 {[%emt 0:02:28]} a6
{[%emt 0:00:44]} (4... Nf6) (4... c6) 5. O-O {[%emt 0:03:33]} e6 {[%emt 0:00:
21][%cal Gd6d5] Sans surprise, l'allemand joue son ouverture favorite} 6. Bb3 {
[%emt 0:00:45]} Nd7 {[%emt 0:01:39]} 7. Nbd2 {[%emt 0:05:41]} Ne7 {[%emt 0:00:
36]} 8. Re1 {[%emt 0:00:46]} (8. c3) 8... O-O {[%emt 0:02:28]} 9. Nf1 $5 {
[%emt 0:03:58][%csl Gf5][%cal Gf1g3,Gf1e3]} c5 {[%emt 0:05:47]} 10. c3 {
[%emt 0:01:20]} b5 {[%emt 0:09:24]} 11. h4 $5 {[%emt 0:01:39]} (11. dxc5) (11.
Ng3) 11... h6 {[%emt 0:04:51]} 12. Ng3 {[%emt 0:06:57]} Qc7 $146 {[%emt 0:02:
45]} (12... c4 13. Bc2 e5 14. b3 Nb6 15. dxe5 dxe5 16. Ba3 Ra7 17. Qe2 Bg4 18.
Red1 Qc7 19. Bd6 Qc6 20. Qe3 Bxf3 21. Qxf3 h5 22. Qe3 Nbc8 23. Qc5 Qxc5 24.
Bxc5 Rc7 25. b4 Re8 26. a4 Nc6 27. axb5 {Bartel,M (2481)-Tikkanen,H (2338)/
Kochin 2004/CBM 103 ext/1/2-1/2 (53)}) 13. Be3 {[%emt 0:06:05]} Kh7 {[%emt 0:
04:16]} 14. h5 {[%emt 0:05:38]} c4 {[%emt 0:03:03]} (14... g5 15. Bxg5 $1 hxg5
16. Nxg5+ Kg8 17. h6 Bxh6 18. Qh5 $40 {[%csl Rg8]}) 15. Bc2 {[%emt 0:02:20]} (
15. hxg6+ fxg6 16. Bc2 {[%cal Ge4e5,Gf3h4]}) 15... e5 {[%emt 0:00:50]} 16. Nh2
$5 {[%emt 0:05:04][%csl Rh6][%cal Gh2g4,Gd1d2]} g5 {[%emt 0:13:12][%csl Gf5]}
17. f3 {[%emt 0:15:56]} (17. Ng4 Bb7 18. Qd2 Rac8 19. a4 $14) 17... Kg8 {
[%emt 0:01:48]} 18. Bf2 {[%emt 0:01:58]} Rb8 {[%emt 0:09:31]} 19. Ng4 {[%emt 0:
03:13][%csl Gf5][%cal Gg4e3,Ge3f5]} Nf6 {[%emt 0:01:32]} 20. Ne3 {[%emt 0:01:
00][%csl Gf5] Les Blancs continuent d'améliorer la position des pièces alors
que les Noirs sont privés de contre-jeu.} Rd8 {[%emt 0:02:37]} 21. Qe2 {
[%emt 0:06:35]} Be6 {[%emt 0:04:36]} 22. a4 {[%emt 0:01:54]} exd4 $6 {[%emt 0:
08:21] Abandonne le centre et la poussée d6d5 risque de provoquer la fermeture
du centre qui laissera les mains libres au GMI pour attaquer а l'aile-roi.} 23.
cxd4 {[%emt 0:00:33]} d5 {[%emt 0:01:33]} 24. e5 $1 {[%emt 0:06:02]} Nd7 {
[%emt 0:00:28]} 25. Ngf5 $16 {[%emt 0:02:37]} Nxf5 {[%emt 0:01:20]} 26. Nxf5 {
[%emt 0:00:22]} Bxf5 $1 {[%emt 0:05:12] Supprimant un attaquant dangereux
après la fermeture du centre.} 27. Bxf5 {[%emt 0:00:05]} Nf8 {[%emt 0:00:10]
[%cal Gf8e6]} 28. f4 $1 {[%emt 0:05:18] Si les Noirs ont le temps dejouer Ne6,
l'ouverture de l'aile-roi sera plus difficile} gxf4 {[%emt 0:02:27]} 29. Qg4 {
[%emt 0:01:03]} Kh8 {[%emt 0:01:37]} (29... Ne6 30. Bxe6 fxe6 31. Qxe6+ Kh8)
30. Bh4 $40 {[%emt 0:05:13][%cal Gh4f6]} Qb6 $2 {[%emt 0:01:23]} (30... Re8)
31. Qxf4 {[%emt 0:00:11]} Kg8 {[%emt 0:05:37]} 32. Ra3 $18 {[%emt 0:01:09]
[%csl Rg7,Rg8][%cal Ga3g3]} Ne6 {[%emt 0:01:33]} 33. Bxe6 {[%emt 0:00:09]} fxe6
{[%emt 0:00:24]} 34. Bxd8 {[%emt 0:01:14]} Rxd8 {[%emt 0:00:07]} 35. axb5 {
[%emt 0:01:16]} axb5 {[%emt 0:00:18]} 36. Rg3 {[%emt 0:00:28]} Rf8 {[%emt 0:00:
14]} 37. Qg4 {[%emt 0:00:26]} Rf7 {[%emt 0:00:38]} 38. Rf1 {[%emt 0:00:15]} Re7
{[%emt 0:00:27]} 39. Rf6 {[%emt 0:00:49]} b4 {[%emt 0:00:12]} 40. Rxh6 {
[%emt 0:00:00]} 1-0

[Event "St Petersburg-ch"]
[Site "St Petersburg"]
[Date "2001.04.16"]
[Round "6"]
[White "Kashtanov, Ruslan"]
[Black "Utkin, Aleksey"]
[Result "1-0"]
[WhiteElo "2412"]
[BlackElo "2345"]
[Annotator "Rabinovich,Al"]
[PlyCount "59"]
[EventDate "2001.04.10"]
[EventType "tourn"]
[EventRounds "11"]
[EventCountry "RUS"]
[EventCategory "9"]
[SourceTitle "CBM 083"]
[Source "ChessBase"]
[SourceDate "2001.07.05"]
[SourceVersion "1"]
[SourceVersionDate "2001.07.05"]
[SourceQuality "1"]

1. e4 g6 2. d4 Bg7 3. c3 d6 4. f4 (4. Nf3 Nf6 5. Nbd2 O-O 6. Be2 {1/2-1/2
Vladimirov,E-Almasi,Z/New Delhi IND 2000/The Week in Chess 317 (82)}) (4. Bg5
Nf6 5. Nd2 c5 6. dxc5 dxc5 7. Ngf3 {1-0 Sokolov,I-Piket,M/Hengelo NED 2000 (70)
}) 4... e6 $6 (4... Nf6 5. Bd3 e5 6. Nf3 exf4 7. Bxf4 O-O 8. Nbd2 {1/2-1/2
Sutovsky,E-Nikolaidis,I/Istanbul TUR 2000/The Week in Chess 314 (24)}) 5. Nf3
Ne7 {It seems that all this plan with e6 and Ne7 is passive.In this type of
positions it is very important to place the N on f6 from where it controls the
center and also prevents the white h4-h5.} 6. Be3 O-O 7. Bd3 {White simply
developes his pieces and prepares his kingside pawn march.} Nd7 8. g4 f5 $2 {
This weekens the king's position a lot, and leads by force to advantage for
White. Other possible continuations:} (8... e5 $6 {This move has a big minus:
it blocks the "dragon bishop".} 9. dxe5 dxe5 10. f5 b6 11. Qe2 Bb7 12. Nbd2 Nc5
13. Bc2 {[%cal Ge1c1] With advantage for White.}) (8... c5 9. Nbd2 $14) (8...
b6 9. Nbd2 Bb7 10. Qe2 $14 {[%cal Gh2h4,Gh4h5]} c5 {Maybe this offers black
better chances.}) 9. gxf5 exf5 (9... gxf5 10. e5) 10. e5 Re8 11. Qb3+ $16 {
This forces d5 after which White has no concerns in the center, and his
kingside attack flows.} d5 (11... Kh8 12. Ng5 $18) (11... Kf8 12. Ng5 $18) 12.
h4 Nf8 13. h5 Ne6 (13... Be6 {[%cal Ge6f7]} 14. Nbd2 {[%cal Ge1c1] Also here,
White has a big plus.}) 14. Nbd2 c6 (14... c5 15. dxc5 Qc7 16. hxg6 hxg6 17.
Bc2 Nxc5 18. Qb5 {[%cal Gb5c5,Gb5e8]} Nd7 19. O-O-O $16 {[%cal Gb5e2,Ge2h2,
Gh2h7]}) 15. O-O-O $16 b5 {Black's counter attack is too slow, but he doesn't
have anything better...} 16. Rdg1 a5 17. Qd1 Bd7 (17... b4 18. Nh4 Nf8 19. Ndf3
{[%cal Gf3g5,Gg5h7] For exmple:} bxc3 20. bxc3 Rb8 21. Ng5 Qb6 22. Rg2 Ba6 23.
Nxh7 Nxh7 24. hxg6 Nf8 25. Nxf5 Bxd3 26. Qxd3 Nxf5 27. Qxf5 Rb7 28. Qc2 {
[%cal Gf4f5,Gf5f6]} Reb8 29. Kd1 {[%cal Gd1e2,Ge2f3,Gf4f5] The pawns' march
will decide.}) 18. hxg6 hxg6 19. Nh4 Nf8 {[%cal Gd7e6]} (19... Kf7 $2 20. Nxg6
$1 Nxg6 21. Rxg6) {[%tqu "En","How white should continue the attack?","","",
"e5e6","To clear e5 for the d2 knight. otherwise it's hard to find the
continuation for the attack.",10]} 20. e6 $1 {To clear e5 for the d2 knight.
otherwise it's hard to find the continuation for the attack.} Bxe6 21. Ndf3 Bf7
$6 {Too passive.Black had to look for some counter chances in 21..b4 line.} (
21... b4 22. Ne5 bxc3 23. bxc3 Qd6 $132 {to try to get some counter chances...}
24. Nhxg6 Qa3+ 25. Kd2 Qxa2+ 26. Bc2 Nexg6 27. Nxg6 {even here White's attack
is very strong} Nxg6 28. Rxg6 Bf7 29. Rg5 Re7 30. Qg1 $18 {[%cal Gg1h2,Gh2h7]})
22. Ne5 Qc8 {[%cal Gc8e6]} (22... b4 23. Nxf5 Nxf5 24. Bxf5 gxf5 (24... Qe7 25.
Bc2 bxc3 26. bxc3 Qa3+ 27. Kd2 Qxa2 28. Qf3 {[%cal Gf1a1,Gh1b1] threatening to
win the queen...} Qa3 29. Nxf7 Kxf7 30. f5 {And also here, White's attack is
very strong.}) 25. Rh8+ Kxh8 26. Nxf7+ Kg8 27. Nxd8 Raxd8 28. Bf2) 23. Rg5 Nh7
(23... b4 24. Qf3 {[%cal Gf3h3] For example:} bxc3 25. bxc3 Rb8 26. Qh3 Qb7 27.
Rh2 {Threatens to sacrifice on f5.} Bf6 28. Nxf5 Nxf5 29. Bxf5 Bg7 30. Bd3 $40
{[%cal Gf4f5]}) (23... Bf6 24. Nxf5 Bxg5 (24... Nxf5 25. Bxf5 $18) 25. Nd6 Qe6
26. Ndxf7 Bf6 27. f5 {and kills}) 24. Nxf7 Kxf7 (24... Nxg5 25. Nxg5 $16) 25.
Rxg6 $18 (25. Nxf5 $5 Nxf5 26. Rxh7 {[%cal Gd3f5,Gg5g7]} Nxe3 27. Bxg6+ Kf8 28.
Qh5 $18 {[%cal Gg6e8,Gh7g7,Gh5h7,Gh7f7]}) 25... Nf6 (25... Nxg6 26. Bxf5 {
White's attack is crushing, for example:} Qc7 27. Bxg6+ Kg8 28. Bxh7+ Kxh7 29.
Nf5+ Kg8 30. Nxg7 Rxe3 (30... Qxg7 31. Rg1 Rxe3 32. Rxg7+ Kxg7 33. Qg1+ $18) (
30... Kxg7 31. Qg4+ Kf6 (31... Kf8 32. Rh8+ Ke7 33. Qg7+ Kd6 34. Rh6+ Re6 35.
Qe5+ $18)) 31. Ne6 Rxe6 32. Qg4+ Qg7 33. Qxe6+ Kf8 34. Qxc6 $18) 26. Rg5 {
Now Black's position collapses quickly.} Qe6 27. Bd2 {[%csl Rf5][%cal Yh4f5,
Yg5f5,Yd3f5]} Rh8 (27... Ne4 28. Qh5+ Kf6 29. Rxg7 Kxg7 30. Rg1+ $18) 28. Nxf5
{From now on, no explanations are required.} Nxf5 29. Bxf5 Qd6 30. Rxg7+ {
[%cal Gd1g1,Gg1g6] Black resgned since after 30...K:g7 31.Qg1+ white at least
wins a lot of material.} 1-0